Tree root ruling means more chance of redress - and liability (Record no. 64802)

MARC details
000 -LEADER
fixed length control field 00786cam a2200229 4500
001 - CONTROL NUMBER
control field ABS62832
008 - FIXED-LENGTH DATA ELEMENTS--GENERAL INFORMATION
fixed length control field 000000n2000 000 0 eng u
035 ## - SYSTEM CONTROL NUMBER
System control number (Sirsi) u108520
100 ## - MAIN ENTRY--PERSONAL NAME
Personal name Lindsey, S.
245 ## - TITLE STATEMENT
Title Tree root ruling means more chance of redress - and liability
260 ## - PUBLICATION, DISTRIBUTION, ETC.
Date of publication, distribution, etc. 2000
490 ## - SERIES STATEMENT
Series statement Architects' Journal
Volume/sequential designation 8(212) 7 September 2000, 44(1)
520 ## - SUMMARY, ETC.
Summary, etc. Warns that recent case law suggests that someone buying a property that has already suffered tree root damage may be able to recover for it from those responsible for the offending tree.
590 ## - LOCAL NOTE (RLIN)
Local note ABS
650 ## - SUBJECT ADDED ENTRY--TOPICAL TERM
Topical term or geographic name entry element TREE ROOTS
650 ## - SUBJECT ADDED ENTRY--TOPICAL TERM
Topical term or geographic name entry element NUISANCE
650 ## - SUBJECT ADDED ENTRY--TOPICAL TERM
Topical term or geographic name entry element TREE ROOT DAMAGE
650 ## - SUBJECT ADDED ENTRY--TOPICAL TERM
Topical term or geographic name entry element LIABILITY
650 ## - SUBJECT ADDED ENTRY--TOPICAL TERM
Topical term or geographic name entry element DAMAGES
690 ## - LOCAL SUBJECT ADDED ENTRY--TOPICAL TERM (OCLC, RLIN)
Topical term or geographic name as entry element BUILT ENVIRONMENT-BUILDING INSPECTION
942 ## - ADDED ENTRY ELEMENTS (KOHA)
Suppress in OPAC 0
Holdings
Withdrawn status Lost status Source of classification or shelving scheme Damaged status Not for loan Home library Current library Shelving location Date acquired Total Checkouts Full call number Barcode Date last seen Copy number Price effective from Koha item type
    Dewey Decimal Classification     London London Journal article 28/09/2000   ABS62832 108520-1001 06/08/2019 1 06/08/2019 Journal article